<?xml version="1.0" encoding="UTF-8"?>
<record
    xmlns:xsi="http://www.w3.org/2001/XMLSchema-instance"
    xsi:schemaLocation="http://www.loc.gov/MARC21/slim http://www.loc.gov/standards/marcxml/schema/MARC21slim.xsd"
    xmlns="http://www.loc.gov/MARC21/slim">

  <leader>01792nam a2200217 a 4500</leader>
  <controlfield tag="001">000037985</controlfield>
  <controlfield tag="005">20201002031139.0</controlfield>
  <controlfield tag="008">090609s2000    dr            000 0 spa d</controlfield>
  <datafield tag="040" ind1=" " ind2=" ">
    <subfield code="a">DO-SdBNP</subfield>
    <subfield code="b">spa</subfield>
    <subfield code="c">BNPHU</subfield>
  </datafield>
  <datafield tag="082" ind1=" " ind2=" ">
    <subfield code="a">344.0121</subfield>
    <subfield code="b">R426t</subfield>
  </datafield>
  <datafield tag="110" ind1="1" ind2=" ">
    <subfield code="a">Rep&#xFA;blica Dominicana.</subfield>
    <subfield code="b">Secretar&#xED;a de Estado de Trabajo</subfield>
    <subfield code="9">491</subfield>
  </datafield>
  <datafield tag="245" ind1="1" ind2="0">
    <subfield code="a">Tarifas de salarios m&#xED;nimos nacionales aprobadas por el Comit&#xE9; Nacional de Salarios /</subfield>
    <subfield code="c">pr&#xF3;logo Altagracia Espa&#xF1;ol Yaport.</subfield>
  </datafield>
  <datafield tag="260" ind1=" " ind2=" ">
    <subfield code="a">Santo Domingo :</subfield>
    <subfield code="b">Secretar&#xED;a de Estado de Trabajo,</subfield>
    <subfield code="c">2000.</subfield>
  </datafield>
  <datafield tag="300" ind1=" " ind2=" ">
    <subfield code="a">149 p. ;</subfield>
    <subfield code="c">21cm.</subfield>
  </datafield>
  <datafield tag="500" ind1=" " ind2=" ">
    <subfield code="a">Incluye referencias bibliogr&#xE1;ficas y notas al pie de las p&#xE1;ginas</subfield>
  </datafield>
  <datafield tag="505" ind1="0" ind2=" ">
    <subfield code="a">1. Pr&#xF3;logo --</subfield>
    <subfield code="t">2. Resoluci&#xF3;n no. 4-94 de fecha 15/8/94 --</subfield>
    <subfield code="t">3. Resoluci&#xF3;n no. 3-98 de fecha 22/5 /98 --</subfield>
    <subfield code="t">4. Resoluci&#xF3;n no. 3- 99 de fecha 3/5/99--</subfield>
    <subfield code="t">5. Resoluci&#xF3;n no. 5-99 de fecha 26/5/99 --</subfield>
    <subfield code="t">6. Resoluci&#xF3;n no. 7-99 de fecha 9/6/99 --</subfield>
    <subfield code="t">7. Resoluci&#xF3;n no. 8-99 de fecha 9/16/99 --</subfield>
    <subfield code="t">8. Resoluci&#xF3;n no. 2-2000 de fecha 3/4 /2000--</subfield>
    <subfield code="t">9. Resoluci&#xF3;n no. 3-2000 de fecha 8/11/2000 --</subfield>
    <subfield code="t">10. Resoluci&#xF3;n no. 4-2000 de fecha 29/11/2000 --</subfield>
    <subfield code="t">11. Resoluci&#xF3;n no. 2-2001 de fecha 13/2/2001 --</subfield>
    <subfield code="t">12. Resoluci&#xF3;n no. 3-2001 de fecha 23/2/2001--</subfield>
    <subfield code="t">13. Resoluci&#xF3;n no. 4-2001 de fecha 8/3/2001 --</subfield>
    <subfield code="t">14. Resoluci&#xF3;n no. 5-2001 de fecha 8/3/2001--</subfield>
    <subfield code="t">15. Resoluci&#xF3;n no. 5-2001 de fecha 15/3/2001 --</subfield>
    <subfield code="t">16. Resoluci&#xF3;n no. 7-2001 de fecha 31/5/2001 --</subfield>
    <subfield code="t">17. Resoluci&#xF3;n no. 9-2001 de fecha 17/10/2001 --</subfield>
    <subfield code="t">18. Resoluci&#xF3;n no. 1-2001 de fecha29/01/2002 --</subfield>
    <subfield code="t">19. Resumen de las leyes y resoluciones que fijan los salarios m&#xED;nimos nacionales --</subfield>
  </datafield>
  <datafield tag="650" ind1=" " ind2="4">
    <subfield code="a">Salarios</subfield>
    <subfield code="x">Legislaci&#xF3;n</subfield>
    <subfield code="z">Rep&#xFA;blica Dominicana</subfield>
    <subfield code="9">3215</subfield>
  </datafield>
  <datafield tag="650" ind1=" " ind2="4">
    <subfield code="a">Salario m&#xED;nimo</subfield>
    <subfield code="x">Legislaci&#xF3;n</subfield>
    <subfield code="z">Rep&#xFA;blica Dominicana</subfield>
    <subfield code="9">3216</subfield>
  </datafield>
  <datafield tag="700" ind1="1" ind2=" ">
    <subfield code="a">Espa&#xF1;ol Yaport, Altagracia</subfield>
    <subfield code="e">pr&#xF3;l.</subfield>
    <subfield code="9">64395</subfield>
  </datafield>
  <datafield tag="049" ind1=" " ind2=" ">
    <subfield code="a">BNPD</subfield>
  </datafield>
  <datafield tag="952" ind1=" " ind2=" ">
    <subfield code="0">0</subfield>
    <subfield code="1">0</subfield>
    <subfield code="7">-1</subfield>
    <subfield code="8">PD</subfield>
    <subfield code="a">PD</subfield>
    <subfield code="b">PD</subfield>
    <subfield code="c">OI</subfield>
    <subfield code="d">2013-03-11</subfield>
    <subfield code="i">LF1</subfield>
    <subfield code="l">0</subfield>
    <subfield code="o">344.0121 R426t</subfield>
    <subfield code="p">37985-10</subfield>
    <subfield code="r">2020-06-25</subfield>
    <subfield code="w">2020-06-25</subfield>
    <subfield code="y">LFPD</subfield>
    <subfield code="Z">No se presta</subfield>
  </datafield>
  <datafield tag="999" ind1=" " ind2=" ">
    <subfield code="c">37475</subfield>
    <subfield code="d">37475</subfield>
  </datafield>
</record>
